000
00283nam a22000977a 4500
008
231208b |||||||| |||| 00| 0 eng d
020
_a
9789355559722
100
_a
MTG
_9
7733
245
_a
CBSE BOARD EXAM 2023-2024 SAMPLE QUESTION PAPERS-SCIENCE-CLASS-10
260
_a
New Delhi
_b
MTG
_c
2023
999
_c
12495
_d
12495